| 000 | 00554cas a22002175a 4500 | ||
|---|---|---|---|
| 001 | L99124 | ||
| 008 | 070705c1972 xxkwr p 0 a0eng | ||
| 022 | 1 | _a0307-7683 | |
| 035 | _a(Sirsi) u99124 | ||
| 041 | 0 | _aeng | |
| 110 | 2 |
_aInstitution of Civil Engineers _91402 |
|
| 240 | _aNCE | ||
| 245 | 0 | 0 | _aNew Civil Engineer |
| 260 |
_aLondon _bEmap _c1972- |
||
| 520 | _aKept for one year | ||
| 651 | 4 | _aUnited Kingdom | |
| 690 | _aBUILT ENVIRONMENT-ENGINEERING | ||
| 856 | 4 | 8 | _uhttps://www.nceplus.co.uk/ |
| 942 |
_n0 _2ddc |
||
| 948 | _c18/02/1994 | ||
| 999 |
_c118669 _d118669 |
||